Giáo trình thủy lực cấp thoát nước
Các khái niệm, kiến thức cơ bản về thuỷ lực trong cấp thoát nước như áp lực thuỷ tĩnh tại một điểm, áp lực chất lỏng lên mặt phẳng, các dạng chuyển động của chất lỏng, phương trình Becnuli; các dạng tổn thất áp lực trong đường ống...
Đã lưu trong:
| 主要作者: | |
|---|---|
| 格式: | 圖書 |
| 語言: | Undetermined |
| 出版: |
Hà Nội
Xây dựng
2010
|
| 主題: | |
| 標簽: |
添加標簽
沒有標簽, 成為第一個標記此記錄!
|
| Thư viện lưu trữ: | Trung tâm Học liệu Trường Đại học Cần Thơ |
|---|
| LEADER | 01001nam a2200193Ia 4500 | ||
|---|---|---|---|
| 001 | CTU_168509 | ||
| 008 | 210402s9999 xx 000 0 und d | ||
| 020 | |c 50000 | ||
| 082 | |a 628.1028 | ||
| 082 | |b S556 | ||
| 100 | |a Nguyễn, Văn Sứng | ||
| 245 | 0 | |a Giáo trình thủy lực cấp thoát nước | |
| 260 | |a Hà Nội | ||
| 260 | |b Xây dựng | ||
| 260 | |c 2010 | ||
| 520 | |a Các khái niệm, kiến thức cơ bản về thuỷ lực trong cấp thoát nước như áp lực thuỷ tĩnh tại một điểm, áp lực chất lỏng lên mặt phẳng, các dạng chuyển động của chất lỏng, phương trình Becnuli; các dạng tổn thất áp lực trong đường ống và trong công trình... | ||
| 650 | |a Water supply,Drainage,Hydraulics,Cấp nước,Thoát nước,Thủy lực | ||
| 904 | |i Bạch Trúc | ||
| 980 | |a Trung tâm Học liệu Trường Đại học Cần Thơ | ||